Normale Ansicht MARC-Ansicht ISBD

Nacional'naja identetičnost' ́Rossii i demografičeskij krisis : (Titelsatznr. 18082)

[ MARC ]
MARC-Details
000 -Satzkennung
Kontrollfeld mit fester Länge 00565nam a22001811c 4500
001 - Kontrollnummer
Kontrollfeld a987663841
008 - Feld mit fester Länge zur physischen Beschreibung - Allgemeine Angaben
Kontrollfeld mit fester Länge 090529s2009 gw |||| 000u rus d
041 ## - Sprachcode
Sprachcode des Textes/der Tonspur oder des separaten Titels rus
040 ## - Katalogisierungsquelle
Übertragungsstelle RU-10907106
003 - Kontrollnummer Identifier
Kontrollfeld RU-10907106
245 00 - Titel
Titel Nacional'naja identetičnost' ́Rossii i demografičeskij krisis :
Zusatz zum Titel materialy Tret'ej Vserossijskoj naučnoj konferencii (Kazan', 13-14 nojabrja 2008 g.)
264 ## - Produktion, Veröffentlichung, Distribution, Herstellung und Urheberrechtsvermerk
Herstellungs-, Veröffentlichungs- Vertriebs-, Erzeugungsort Moskva :
Produzent, Herausgeber, Distributor, Hersteller Naučnyj ekspert,
Datum der Herstellung, der Veröffentlichung, des Vertriebs oder des Urheberschutzvermerks 2009
300 ## - Physische Beschreibung
Umfang 840 S.
650 #0 - Nebeneintragung unter einem Schlagwort - Sachschlagwort
Sachschlagwort oder geografischer Name als Eintragungselement Demographie
650 #0 - Nebeneintragung unter einem Schlagwort - Sachschlagwort
Sachschlagwort oder geografischer Name als Eintragungselement Familie
700 1# - Nebeneintragung - Personenname
Personenname Sulaškin, S. S.
Funktionsbezeichnung HerausgeberIn
942 ## - Zusätzliche Felder (Koha)
Koha-Medientyp Monographien
Exemplare
Ausgeschieden Verloren Klassifikation oder Aufstellungssystematik Beschädigt Nicht entleihbar Heimatbibliothek Aufenthaltsbibliothek Aufstellungsort Erwerbungsdatum Inventarnummer Signatur Barcode Letzte Aktivität Preis gültig von Koha-Medientyp
    Andere/Generische Klassifikation     MWN Osteuropa MWN Osteuropa Magazin - 2 29/05/2009 09-01603 R 72 f Sul E004015079099A2B 23/02/2021 22/03/2021 Monographien